| 000 | 01113 aa a2200229 4500 | ||
|---|---|---|---|
| 005 | 20120128123354.0 | ||
| 008 | 080917t xxu||||| |||| 00| 0 hin d | ||
| 010 | _a | ||
| 020 |
_a8174630910 _c200.00 |
||
| 035 | _aB-241363 | ||
| 037 | _b | ||
| 082 | _a004 | ||
| 100 |
_aमिश्र,अमित कुमार _940261 |
||
| 245 |
_aकंप्यूटर :क्या? क्यो?? और कैसे??? _cअमित कुमार मिश्र |
||
| 246 |
_aComputer; kya?kyon?aur kaise?? _bby-Amit kumar Mishra |
||
| 260 |
_aदिल्ली _bपांडुलिपि प्रकाशन _c2008 |
||
| 270 |
_a77/1,ईस्ट आजाद नगर _bदिल्ली _e110051 |
||
| 300 |
_a184पृ _b(सचित्र) _c22सेमी(सजिल्द) |
||
| 500 | _aयह पुस्तक सन् 2005 में आई हुई है | ||
| 942 |
_adpl _cHN _k004 / मिश्रअ _2ddc _h004 _mमिश्रअ |
||
| 999 |
_c61593 _d61593 |
||